[Event "Memorial Kauska"]
[Site "?"]
[Date "2008.??.??"]
[Round "?"]
[White "Schwarz, Jan"]
[Black "Cipka, Ivan"]
[Result "1/2-1/2"]
[WhiteElo "2325"]
[BlackElo "2461"]
[PlyCount "41"]
[EventDate "2008.??.??"]
[EventType "corr"]
[SourceDate "2004.06.03"]

1. e4 e5 2. Nf3 Nf6 3. Nxe5 d6 4. Nf3 Nxe4 5. d4 d5 6. Bd3 Bd6 7. O-O O-O 8. c4
c6 9. Re1 Re8 10. Nc3 Nxc3 11. bxc3 Rxe1+ 12. Qxe1 h6 13. Rb1 b6 14. cxd5 cxd5
15. Qe2 Nc6 16. Bc2 Ne7 17. Nh4 Qc7 18. Qd3 f5 19. g3 Qc4 20. Qxc4 dxc4 21. f4
1/2-1/2

[Event "Memorial Kauska"]
[Site "?"]
[Date "2008.??.??"]
[Round "?"]
[White "Schwarz, Jan"]
[Black "Glaser, Karel"]
[Result "1/2-1/2"]
[WhiteElo "2325"]
[BlackElo "2303"]
[PlyCount "51"]
[EventDate "2008.??.??"]
[EventType "corr"]
[SourceDate "2004.06.03"]

1. e4 e5 2. Nf3 Nc6 3. d4 exd4 4. Nxd4 Bc5 5. Be3 Qf6 6. c3 Nge7 7. Bc4 Ne5 8.
Be2 Qg6 9. O-O d6 10. f3 O-O 11. Nd2 d5 12. Kh1 Bb6 13. Bf4 Qf6 14. Bg3 c5 15.
f4 cxd4 16. fxe5 Qc6 17. cxd4 dxe4 18. Bf2 e3 19. Bxe3 Nf5 20. Nc4 Nxe3 21.
Nxe3 Qe4 22. Qb3 Be6 23. Bc4 Bxd4 24. Bxe6 fxe6 25. Qxe6+ Kh8 26. Nf5 1/2-1/2

[Event "Memorial Kauska"]
[Site "?"]
[Date "2008.??.??"]
[Round "?"]
[White "Schwarz, Jan"]
[Black "Gubás, Jan"]
[Result "1/2-1/2"]
[WhiteElo "2325"]
[BlackElo "2343"]
[PlyCount "28"]
[EventDate "2008.??.??"]
[EventType "corr"]
[SourceDate "2004.06.03"]

1. e4 e5 2. Nf3 Nc6 3. Bc4 Bc5 4. c3 Nf6 5. d3 d6 6. O-O O-O 7. Bb3 h6 8. h3 a6
9. Re1 Re8 10. Nbd2 Be6 11. a4 d5 12. exd5 Bxd5 13. Ne4 Nxe4 14. dxe4 Bxb3
1/2-1/2

[Event "Memorial Kauska"]
[Site "?"]
[Date "2008.??.??"]
[Round "?"]
[White "Schwarz, Jan"]
[Black "Kouba, Petr"]
[Result "1/2-1/2"]
[WhiteElo "2325"]
[BlackElo "2311"]
[PlyCount "50"]
[EventDate "2008.??.??"]
[EventType "corr"]
[SourceDate "2004.06.03"]

1. e4 e5 2. Nf3 Nc6 3. d4 exd4 4. Nxd4 Bc5 5. Be3 Qf6 6. c3 Nge7 7. Bc4 Ne5 8.
Be2 d5 9. O-O O-O 10. f4 N5c6 11. e5 Qh4 12. Qd2 Bb6 13. Nb5 d4 14. Nxd4 Nxd4
15. cxd4 Nf5 16. Bf2 Bxd4 17. Na3 Be6 18. Bxd4 Rfd8 19. Nb5 Nxd4 20. Nxd4 c5
21. Rad1 Rxd4 22. Qe3 Rxd1 23. Rxd1 Rd8 24. Rxd8+ Qxd8 25. Qxc5 Qd2 1/2-1/2

[Event "Memorial Kauska"]
[Site "?"]
[Date "2008.??.??"]
[Round "?"]
[White "Schwarz, Jan"]
[Black "Nedoma, Petr"]
[Result "1/2-1/2"]
[WhiteElo "2325"]
[BlackElo "2351"]
[PlyCount "84"]
[EventDate "2008.??.??"]
[EventType "corr"]
[SourceDate "2004.06.03"]

1. e4 c5 2. Nf3 Nc6 3. d4 cxd4 4. Nxd4 Nf6 5. f3 d5 6. Bb5 dxe4 7. Nxc6 Qxd1+
8. Kxd1 a6 9. Ba4 Bd7 10. Nc3 bxc6 11. Nxe4 O-O-O 12. Ke1 Nxe4 13. fxe4 e5 14.
Be3 Kc7 15. Bb3 Be8 16. Kf2 f6 17. Rad1 Bd6 18. Kf3 Bg6 19. Be6 Rhe8 20. Bg4
Bf7 21. a3 g6 22. Bh3 a5 23. Rd2 f5 24. exf5 gxf5 25. Bxf5 Rf8 26. Kg4 Rb8 27.
Rhd1 h5+ 28. Kh4 Bd5 29. c4 Rxf5 30. cxd5 Be7+ 31. Kh3 Rb3 32. Rd3 Rxd3 33.
Rxd3 e4 34. d6+ Bxd6 35. Rd4 Rb5 36. Bc1 Be5 37. Rxe4 Bxb2 38. Bxb2 Rxb2 39.
Re5 Rb5 40. Re2 Kd6 41. Kh4 Re5 42. Rd2+ Ke6 1/2-1/2

[Event "Memorial Kauska"]
[Site "?"]
[Date "2008.??.??"]
[Round "?"]
[White "Schwarz, Jan"]
[Black "Novák, Vratislav"]
[Result "1/2-1/2"]
[WhiteElo "2325"]
[BlackElo "2305"]
[PlyCount "55"]
[EventDate "2008.??.??"]
[EventType "corr"]
[SourceDate "2004.06.03"]

1. c4 c5 2. Nf3 Nf6 3. d4 cxd4 4. Nxd4 e6 5. g3 Bb4+ 6. Nc3 Ne4 7. Qd3 Qa5 8.
Nb3 Nxc3 9. Bd2 Ne4 10. Qxe4 Bxd2+ 11. Nxd2 O-O 12. Bg2 Nc6 13. Qe3 d5 14. O-O
d4 15. Qd3 e5 16. f4 Bf5 17. Qxf5 Qxd2 18. Qd3 Qxb2 19. Rab1 Qxa2 20. Rxb7 Qa6
21. Qb3 exf4 22. Rxf4 Nd8 23. Rb5 Nc6 24. Bd5 Rae8 25. Qd3 Re7 26. Rb1 Rc7 27.
Qf5 Qa3 28. Qe4 1/2-1/2

[Event "Memorial Kauska"]
[Site "?"]
[Date "2008.??.??"]
[Round "?"]
[White "Schwarz, Jan"]
[Black "Popelka, Miloslav"]
[Result "1/2-1/2"]
[WhiteElo "2325"]
[BlackElo "2457"]
[PlyCount "116"]
[EventDate "2008.??.??"]
[EventType "corr"]
[SourceDate "2004.06.03"]

1. e4 c5 2. c3 Nf6 3. e5 Nd5 4. d4 cxd4 5. Qxd4 e6 6. Nf3 Nc6 7. Qe4 f5 8. Qe2
Qc7 9. g3 d6 10. exd6 Bxd6 11. Bg2 O-O 12. O-O Nf6 13. Nd4 Nxd4 14. cxd4 Bd7
15. Nc3 a6 16. Rd1 Rac8 17. Bg5 b5 18. Rac1 Qb6 19. a3 h6 20. Be3 Qb8 21. Bd2
Rfe8 22. h3 Kh7 23. Qd3 e5 24. dxe5 Bxe5 25. f4 Bc7 26. Re1 Rcd8 27. Kh2 Rxe1
28. Rxe1 Bc8 29. Qe2 Bb7 30. Bxb7 Qxb7 31. Be3 Ba5 32. b4 Bb6 33. Qc2 Re8 34.
Bf2 Rxe1 35. Bxe1 Kg6 36. Qd3 Kf7 37. a4 Qe7 38. Bd2 Qxb4 39. Nxb5 Qc5 40. Qc4+
Qxc4 41. Nd6+ Ke6 42. Nxc4 Bf2 43. Kg2 Kd5 44. Kxf2 Ne4+ 45. Kf3 Kxc4 46. Be1
h5 47. Ke3 Nc5 48. a5 Nd3 49. Bd2 g6 50. Kf3 Nb4 51. Ke3 Nc2+ 52. Ke2 Kd4 53.
Bc1 Kc3 54. Bd2+ Kc4 55. g4 Nd4+ 56. Kf2 Kd5 57. gxh5 gxh5 58. Bb4 Ke4 1/2-1/2

[Event "Memorial Kauska"]
[Site "?"]
[Date "2008.??.??"]
[Round "?"]
[White "Sýkora, Josef"]
[Black "Dedina, Miroslav"]
[Result "1/2-1/2"]
[WhiteElo "2322"]
[BlackElo "2366"]
[PlyCount "109"]
[EventDate "2008.??.??"]
[EventType "corr"]
[SourceDate "2004.06.03"]

1. d4 d5 2. c4 c6 3. Nf3 Nf6 4. Nc3 e6 5. Bg5 dxc4 6. e4 b5 7. e5 h6 8. Bh4 g5
9. Nxg5 hxg5 10. Bxg5 Nbd7 11. exf6 Bb7 12. g3 c5 13. d5 Qb6 14. Bg2 O-O-O 15.
O-O b4 16. Na4 Qb5 17. a3 exd5 18. axb4 cxb4 19. Be3 Nc5 20. Qg4+ Rd7 21. Nxc5
Bxc5 22. Qg7 Rhd8 23. Bf4 Bc6 24. h4 d4 25. Bh3 Kb7 26. h5 Bf3 27. h6 Bf8 28.
Bg4 Be4 29. Bxd7 Qh5 30. f3 Bxg7 31. fxg7 Bh7 32. Ba4 f6 33. Rfe1 Qf7 34. Bb5
d3 35. Ba6+ Ka8 36. Rad1 Qd7 37. Kg2 Qa4 38. Ra1 Qc2+ 39. Kh3 Qf2 40. Re3 Bf5+
41. g4 Be4 42. h7 Bxh7 43. Bxc4 d2 44. Rd1 a6 45. Bd3 Bg8 46. Be2 Bb3 47. Rxd2
Rxd2 48. Re8+ Kb7 49. Bxd2 a5 50. Re3 Bd5 51. Re7+ Kc6 52. Bf4 a4 53. Bg3 Qg1
54. Bh2 Qh1 55. Rc7+ 1/2-1/2

[Event "Memorial Kauska"]
[Site "?"]
[Date "2008.??.??"]
[Round "?"]
[White "Sýkora, Josef"]
[Black "Glaser, Karel"]
[Result "1/2-1/2"]
[WhiteElo "2322"]
[BlackElo "2303"]
[PlyCount "99"]
[EventDate "2008.??.??"]
[EventType "corr"]
[SourceDate "2004.06.03"]

1. d4 Nf6 2. c4 e6 3. Nf3 d5 4. Nc3 Be7 5. Bg5 h6 6. Bh4 O-O 7. e3 b6 8. cxd5
Nxd5 9. Bxe7 Qxe7 10. Nxd5 exd5 11. Rc1 Be6 12. Qa4 c5 13. dxc5 bxc5 14. Qa3
Rc8 15. Be2 a5 16. O-O Na6 17. Nd4 Nb4 18. Nxe6 Qxe6 19. Qa4 c4 20. Rfd1 Rab8
21. Qxa5 Qe8 22. Rd2 Rb5 23. Qa7 Ra8 24. Qc7 Nxa2 25. Rcd1 Rbb8 26. Bf3 Rc8 27.
Qf4 c3 28. bxc3 Nxc3 29. Rf1 Ra4 30. Qf5 Qe6 31. Qd3 Ne4 32. Rc2 Rxc2 33. Qxc2
Rc4 34. Qb2 Qc6 35. h3 Qc7 36. Qb5 Nc3 37. Qe8+ Kh7 38. Kh1 Qb7 39. Ra1 Ne4 40.
Bxe4+ Rxe4 41. Qa8 Qb2 42. Kg1 Rc4 43. Rf1 Qd2 44. Qe8 Rc1 45. g4 Rxf1+ 46.
Kxf1 Qd3+ 47. Kg1 Qg6 48. Kh2 Qd6+ 49. Kg2 Qg6 50. Qd7 1/2-1/2

[Event "Memorial Kauska"]
[Site "?"]
[Date "2008.??.??"]
[Round "?"]
[White "Sýkora, Josef"]
[Black "Kostál, Jindrich"]
[Result "0-1"]
[WhiteElo "2322"]
[BlackElo "2377"]
[PlyCount "94"]
[EventDate "2008.??.??"]
[EventType "corr"]
[SourceDate "2004.06.03"]

1. d4 Nf6 2. c4 g6 3. Nf3 Bg7 4. Nc3 d5 5. cxd5 Nxd5 6. e4 Nxc3 7. bxc3 c5 8.
Be3 Qa5 9. Qd2 Nc6 10. Rc1 cxd4 11. cxd4 Qxd2+ 12. Kxd2 O-O 13. d5 Rd8 14. Ke1
Nb4 15. Bd2 Na6 16. Bg5 Kf8 17. Nd2 b6 18. Bb5 Bb7 19. Ke2 Rac8 20. a3 h6 21.
Bf4 g5 22. Be3 Nc7 23. a4 f5 24. f3 e6 25. dxe6 f4 26. Bf2 Bb2 27. Bd7 Ba6+ 28.
Kd1 Bxc1 29. Kxc1 Ra8 30. Nb3 Bc8 31. Bc6 Rb8 32. h4 g4 33. fxg4 Nxe6 34. g5
hxg5 35. hxg5 Bb7 36. Bd5 Bxd5 37. exd5 Nxg5 38. Rh5 Ne4 39. Bd4 Rbc8+ 40. Kb2
Re8 41. Rf5+ Ke7 42. Rxf4 Kd6 43. a5 Nc5 44. Rf5 Nd3+ 45. Ka3 Re2 46. axb6 axb6
47. Bxb6 Rcc2 0-1

[Event "Memorial Kauska"]
[Site "?"]
[Date "2008.??.??"]
[Round "?"]
[White "Sýkora, Josef"]
[Black "Kouba, Petr"]
[Result "1/2-1/2"]
[WhiteElo "2322"]
[BlackElo "2311"]
[PlyCount "50"]
[EventDate "2008.??.??"]
[EventType "corr"]
[SourceDate "2004.06.03"]

1. d4 d5 2. c4 c6 3. Nf3 Nf6 4. e3 a6 5. Nc3 b5 6. b3 Bg4 7. Be2 Nbd7 8. O-O e6
9. h3 Bf5 10. Bd3 Bxd3 11. Qxd3 Be7 12. Bd2 O-O 13. Rfc1 Qb8 14. Ne2 Qb7 15.
Ba5 c5 16. Nf4 cxd4 17. Qxd4 bxc4 18. bxc4 e5 19. Nxe5 Bc5 20. Qc3 Ne4 21. Nxd7
Nxc3 22. Nxc5 Qa7 23. Bxc3 Qxc5 24. Bd4 Qd6 25. Nxd5 Rab8 1/2-1/2

[Event "Memorial Kauska"]
[Site "?"]
[Date "2008.??.??"]
[Round "?"]
[White "Sýkora, Josef"]
[Black "Kýhos, Alois"]
[Result "1/2-1/2"]
[WhiteElo "2322"]
[BlackElo "2371"]
[PlyCount "77"]
[EventDate "2008.??.??"]
[EventType "corr"]
[SourceDate "2004.06.03"]

1. d4 Nf6 2. c4 e6 3. Nf3 b6 4. g3 Bb7 5. Bg2 Be7 6. O-O O-O 7. Nc3 Ne4 8. Qc2
Nxc3 9. Qxc3 c5 10. Rd1 d6 11. b3 Bf6 12. Bb2 Qe7 13. Qc2 Nc6 14. e4 e5 15. d5
Nd4 16. Nxd4 exd4 17. Qd3 Rae8 18. b4 Bc8 19. Bc1 g5 20. Bd2 Bg7 21. Re1 f5 22.
a4 Qf7 23. Rf1 g4 24. Rae1 Qg6 25. a5 Re7 26. axb6 axb6 27. Re2 fxe4 28. Bxe4
Rxe4 29. Qxe4 Bf5 30. Qe7 Bd3 31. Qe6+ Qxe6 32. Rxe6 Bxc4 33. Rc1 Bd3 34. Rxd6
c4 35. Rxb6 c3 36. Bf4 Be2 37. Re6 Bc4 38. Rc6 Bxd5 39. Rc7 1/2-1/2

[Event "Memorial Kauska"]
[Site "?"]
[Date "2008.??.??"]
[Round "?"]
[White "Sýkora, Josef"]
[Black "Schwarz, Jan"]
[Result "1/2-1/2"]
[WhiteElo "2322"]
[BlackElo "2325"]
[PlyCount "155"]
[EventDate "2008.??.??"]
[EventType "corr"]
[SourceDate "2004.06.03"]

1. d4 Nf6 2. c4 e6 3. Nf3 b6 4. g3 Ba6 5. b3 Bb4+ 6. Bd2 Be7 7. Bg2 O-O 8. O-O
d5 9. Ne5 Bb7 10. Nc3 Nbd7 11. cxd5 exd5 12. Bf4 c6 13. Rc1 Nxe5 14. dxe5 Ne8
15. Qc2 Nc7 16. Rcd1 Ne6 17. Bc1 Ba6 18. Bb2 Qe8 19. a3 Rd8 20. Na2 Bb7 21. f4
f5 22. e3 a5 23. Nc1 Bc5 24. Rfe1 Qe7 25. a4 Bb4 26. Rf1 Qc5 27. Qe2 Qe7 28.
Nd3 Ba3 29. Bxa3 Qxa3 30. Qc2 Qe7 31. Rf2 Rc8 32. Rfd2 Ba6 33. Ne1 Nc5 34. Qb2
Ne4 35. Rc2 Rfd8 36. Nd3 Rc7 37. Nf2 c5 38. g4 fxg4 39. Bxe4 dxe4 40. Rcd2 Rcd7
41. Nxe4 Bd3 42. Ng3 g6 43. Qc3 Bf5 44. Nxf5 gxf5 45. Qc4+ Kg7 46. Rd3 Rxd3 47.
Rxd3 Rxd3 48. Qxd3 Qh4 49. Kf1 Qh3+ 50. Ke1 Kg6 51. Qd2 Qf3 52. Qd6+ Kh5 53.
Qd3 Kg6 54. Kd2 h6 55. Qd6+ Kh5 56. Qd7 Qf2+ 57. Kd3 Qf1+ 58. Kc2 Qf2+ 59. Qd2
Qxd2+ 60. Kxd2 Kg6 61. e4 h5 62. Kd3 h4 63. exf5+ Kxf5 64. Ke3 h3 65. Kf2 b5
66. axb5 c4 67. bxc4 a4 68. e6 Kxe6 69. b6 Kd7 70. f5 a3 71. f6 a2 72. f7 Ke7
73. b7 a1=Q 74. b8=Q g3+ 75. Qxg3 Qa2+ 76. Kf3 Qb3+ 77. Kg4 Qxc4+ 78. Qf4
1/2-1/2

[Event "Memorial Kauska"]
[Site "?"]
[Date "2008.??.??"]
[Round "?"]
[White "Sýkora, Josef"]
[Black "Volek, Stanislav"]
[Result "1/2-1/2"]
[WhiteElo "2322"]
[BlackElo "2317"]
[PlyCount "127"]
[EventDate "2008.??.??"]
[EventType "corr"]
[SourceDate "2004.06.03"]

1. d4 e6 2. c4 Nf6 3. Nf3 c5 4. g3 cxd4 5. Nxd4 Qb6 6. Bg2 Bc5 7. e3 Nc6 8. Nb3
Be7 9. O-O O-O 10. Nc3 d6 11. Nd4 Bd7 12. b3 d5 13. cxd5 Nxd4 14. Qxd4 Qxd4 15.
exd4 Bb4 16. Bb2 Bxc3 17. Bxc3 Nxd5 18. Rac1 Bc6 19. Bd2 Ne7 20. Bb4 Rfe8 21.
Bxe7 Bxg2 22. Kxg2 Rxe7 23. Rc4 Rd7 24. Kf3 Rad8 25. Rfc1 Kf8 26. Rc7 Ke7 27.
Ke3 Kd6 28. R7c5 Ke7 29. R1c4 b6 30. Rc7 Rxc7 31. Rxc7+ Rd7 32. Rc8 Kd6 33. h4
Rc7 34. Rh8 h6 35. Kd3 Ke7 36. g4 Kf6 37. Ra8 g6 38. f3 Rd7 39. Ke4 g5 40. h5
a5 41. Rb8 Rd6 42. Rc8 Kg7 43. Rc7 Kf6 44. Ke3 Kg7 45. Rb7 Kf6 46. Ke4 Kg7 47.
Rc7 Kf6 48. a3 Kg7 49. b4 axb4 50. axb4 Kf6 51. Rc8 Kg7 52. Re8 Kf6 53. Kd3 Kg7
54. b5 Kf6 55. Kc4 Rd5 56. Rc8 Ke7 57. Rb8 Rd6 58. Rb7+ Kf8 59. Kc3 Kg7 60. Re7
Kf6 61. Rb7 Kg7 62. Kc4 Kf8 63. Rc7 Ke8 64. Rc8+ 1/2-1/2

[Event "Memorial Kauska"]
[Site "?"]
[Date "2008.??.??"]
[Round "?"]
[White "Valák, Alois"]
[Black "Dedina, Miroslav"]
[Result "1-0"]
[WhiteElo "2350"]
[BlackElo "2366"]
[PlyCount "101"]
[EventDate "2008.??.??"]
[EventType "corr"]
[SourceDate "2004.06.03"]

1. e4 c6 2. d4 d5 3. e5 c5 4. Nf3 Nc6 5. Bb5 c4 6. O-O a6 7. Bxc6+ bxc6 8. b3
Bg4 9. bxc4 e6 10. Nbd2 Rb8 11. cxd5 cxd5 12. c4 Qd7 13. cxd5 Qxd5 14. Qa4+ Qb5
15. Qc2 Ne7 16. Rb1 Rc8 17. Qe4 Bf5 18. Rxb5 Bxe4 19. Nxe4 axb5 20. Nd6+ Kd7
21. Nxc8 Nxc8 22. d5 exd5 23. Be3 Ba3 24. Rb1 b4 25. Bc5 Re8 26. Bxb4 Bxb4 27.
Rxb4 Ne7 28. Ng5 h6 29. Nxf7 Nc6 30. Rb7+ Ke6 31. Nd6 Ra8 32. f4 Nd4 33. Rb2
Rf8 34. Nb7 Rxf4 35. Nc5+ Kf5 36. h3 h5 37. e6 Nc6 38. Rf2 Rxf2 39. Kxf2 Ke5
40. Ke3 Kd6 41. Nb3 Nb4 42. a4 Kxe6 43. Kf4 Kf6 44. h4 Nd3+ 45. Ke3 Nb4 46. Kd4
Ke6 47. Kc5 Nd3+ 48. Kb5 Kd6 49. Nd4 g6 50. a5 Kc7 51. Ne6+ 1-0

[Event "Memorial Kauska"]
[Site "?"]
[Date "2008.??.??"]
[Round "?"]
[White "Valák, Alois"]
[Black "Kostál, Jindrich"]
[Result "0-1"]
[WhiteElo "2350"]
[BlackElo "2377"]
[PlyCount "142"]
[EventDate "2008.??.??"]
[EventType "corr"]
[SourceDate "2004.06.03"]

1. e4 e5 2. Nf3 Nc6 3. d4 exd4 4. Nxd4 Bc5 5. Be3 Qf6 6. c3 Nge7 7. Bc4 Ne5 8.
Be2 d5 9. O-O O-O 10. Nd2 Bb6 11. Re1 Rd8 12. g3 Bh3 13. a4 a5 14. f4 Qh6 15.
Bf2 N5c6 16. e5 Nxd4 17. cxd4 Nc6 18. Nf3 Bf5 19. Rc1 Rf8 20. Nh4 Be4 21. Bd3
Bxd3 22. Qxd3 Nb4 23. Qe2 f5 24. Red1 Qe6 25. Be1 Nc6 26. Bc3 Nd8 27. b4 axb4
28. Bxb4 Rf7 29. Nf3 h6 30. Qb5 Ra6 31. Ra1 Ba7 32. Bc3 Rc6 33. Rac1 Rb6 34.
Qe2 Ra6 35. a5 Qc8 36. Kg2 Ne6 37. Qd2 c6 38. Rc2 b6 39. axb6 Bxb6 40. h4 Rfa7
41. Qd3 Qf8 42. Rdc1 Ra3 43. Qd2 Qe8 44. Bb2 Rb3 45. Rxc6 Qg6 46. Rc8+ Kh7 47.
Bc3 Qg4 48. Rc2 Raa3 49. Nh2 Qg6 50. Nf3 Ba5 51. Ng1 Bxc3 52. R8xc3 Nxf4+ 53.
Kf2 Ne6 54. Rxb3 Rxb3 55. Rc3 Rb1 56. Qd3 Rb2+ 57. Ne2 Qg4 58. Ke1 Ra2 59. Rc1
Rxe2+ 60. Qxe2 Qxg3+ 61. Qf2 Qd3 62. Rd1 Qe4+ 63. Kf1 Nf4 64. Rd2 Qh1+ 65. Qg1
Qh3+ 66. Kf2 Nh5 67. Ke1 Qxh4+ 68. Qf2 Ng3 69. Qf3 Ne4+ 70. Kd1 Qg4 71. Qxg4
fxg4 0-1

[Event "Memorial Kauska"]
[Site "?"]
[Date "2008.??.??"]
[Round "?"]
[White "Valák, Alois"]
[Black "Kouba, Petr"]
[Result "1/2-1/2"]
[WhiteElo "2350"]
[BlackElo "2311"]
[PlyCount "50"]
[EventDate "2008.??.??"]
[EventType "corr"]
[SourceDate "2004.06.03"]

1. e4 e5 2. Nf3 Nc6 3. Bb5 a6 4. Ba4 Nf6 5. O-O Be7 6. Re1 b5 7. Bb3 d6 8. c3
O-O 9. d4 Bg4 10. Be3 exd4 11. cxd4 d5 12. e5 Ne4 13. h3 Bh5 14. Nc3 Nxc3 15.
bxc3 Na5 16. Bc2 Nc4 17. Qd3 Bg6 18. Qe2 Bxc2 19. Qxc2 Rb8 20. Nd2 Qd7 21. Nxc4
bxc4 22. Rab1 Rb6 23. Rxb6 cxb6 24. a4 Rb8 25. Ra1 a5 1/2-1/2

[Event "Memorial Kauska"]
[Site "?"]
[Date "2008.??.??"]
[Round "?"]
[White "Valák, Alois"]
[Black "Kýhos, Alois"]
[Result "1-0"]
[WhiteElo "2350"]
[BlackElo "2371"]
[PlyCount "59"]
[EventDate "2008.??.??"]
[EventType "corr"]
[SourceDate "2004.06.03"]

1. e4 e5 2. Nf3 Nc6 3. Bb5 a6 4. Ba4 Nf6 5. O-O Be7 6. Re1 O-O 7. Bxc6 dxc6 8.
Nxe5 Re8 9. Nf3 Bg4 10. h3 Bh5 11. Nc3 Nd7 12. d4 c5 13. g4 Bg6 14. Bf4 b5 15.
a4 Bf6 16. e5 b4 17. Nd5 c6 18. exf6 cxd5 19. Rxe8+ Qxe8 20. fxg7 Rc8 21. Qf1
c4 22. Re1 Qd8 23. Qe2 Kxg7 24. c3 bxc3 25. bxc3 Rc6 26. Bg5 Qc8 27. Qe7 h6 28.
Bf4 Nf6 29. Nh4 Bd3 30. Re3 1-0

[Event "Memorial Kauska"]
[Site "?"]
[Date "2008.??.??"]
[Round "?"]
[White "Valák, Alois"]
[Black "Schwarz, Jan"]
[Result "1/2-1/2"]
[WhiteElo "2350"]
[BlackElo "2325"]
[PlyCount "94"]
[EventDate "2008.??.??"]
[EventType "corr"]
[SourceDate "2004.06.03"]

1. e4 e5 2. Nf3 Nc6 3. Bb5 a6 4. Ba4 Nf6 5. O-O Be7 6. Re1 b5 7. Bb3 O-O 8. h3
Bb7 9. d3 Re8 10. Nc3 Bb4 11. Ng5 Rf8 12. a3 Bxc3 13. bxc3 h6 14. Nf3 d6 15.
Nh4 Bc8 16. Qf3 Na5 17. Ba2 c5 18. Rd1 Nc6 19. Bd2 Rb8 20. Nf5 Bxf5 21. Qxf5
Ne7 22. Qf3 Nc6 23. Rab1 Kh8 24. g3 Kg8 25. Kg2 Nd7 26. h4 Qf6 27. Qh5 Nb6 28.
g4 Kh7 29. g5 Qg6 30. Qxg6+ fxg6 31. Kg3 h5 32. Rf1 Rfe8 33. Bf7 Rf8 34. Be6
Rbe8 35. Ba2 Rc8 36. f3 Rb8 37. Be6 Rbe8 38. Bh3 Rb8 39. f4 exf4+ 40. Rxf4 Rxf4
41. Bxf4 Rd8 42. Rf1 Ne5 43. Be3 Na4 44. Bd2 Nb6 45. Rf4 Re8 46. Rf2 Na4 47.
Rf1 Kg8 1/2-1/2

[Event "Memorial Kauska"]
[Site "?"]
[Date "2008.??.??"]
[Round "?"]
[White "Valák, Alois"]
[Black "Sýkora, Josef"]
[Result "1/2-1/2"]
[WhiteElo "2350"]
[BlackElo "2322"]
[PlyCount "55"]
[EventDate "2008.??.??"]
[EventType "corr"]
[SourceDate "2004.06.03"]

1. e4 e5 2. Nf3 Nc6 3. d4 exd4 4. Nxd4 Bc5 5. Be3 Qf6 6. c3 Nge7 7. Bc4 Ne5 8.
Be2 Qg6 9. O-O d6 10. f3 O-O 11. Nd2 d5 12. a4 Rd8 13. Qe1 dxe4 14. Nxe4 Nd5
15. Bg5 f6 16. Nxc5 Qxg5 17. Bd1 Nf4 18. Bb3+ Kh8 19. Qg3 Qh6 20. Rae1 b6 21.
Nce6 Bxe6 22. Nxe6 Nxe6 23. Bxe6 Nd3 24. Re4 Nc5 25. Ree1 Nd3 26. Re4 Nc5 27.
Ree1 Nd3 28. Re4 1/2-1/2

[Event "Memorial Kauska"]
[Site "?"]
[Date "2008.??.??"]
[Round "?"]
[White "Valák, Alois"]
[Black "Volek, Stanislav"]
[Result "1/2-1/2"]
[WhiteElo "2350"]
[BlackElo "2317"]
[PlyCount "36"]
[EventDate "2008.??.??"]
[EventType "corr"]
[SourceDate "2004.06.03"]

1. e4 e5 2. Nf3 Nf6 3. d4 Nxe4 4. Bd3 d5 5. Nxe5 Nd7 6. Nxd7 Bxd7 7. O-O Bd6 8.
c4 c6 9. Bxe4 dxe4 10. Nc3 O-O 11. Nxe4 Bxh2+ 12. Kxh2 Qh4+ 13. Kg1 Qxe4 14.
Re1 Qg6 15. Bf4 Rfe8 16. Qb3 b6 17. Qg3 Qxg3 18. Bxg3 Rxe1+ 1/2-1/2

[Event "Memorial Kauska"]
[Site "?"]
[Date "2008.??.??"]
[Round "?"]
[White "Volek, Stanislav"]
[Black "Cipka, Ivan"]
[Result "1/2-1/2"]
[WhiteElo "2317"]
[BlackElo "2461"]
[PlyCount "58"]
[EventDate "2008.??.??"]
[EventType "corr"]
[SourceDate "2004.06.03"]

1. d4 d5 2. Nf3 Nf6 3. c4 dxc4 4. e3 Be6 5. Nc3 h6 6. Ne5 c6 7. Nxc4 Nbd7 8. e4
Nb6 9. Ne5 g6 10. d5 cxd5 11. Bb5+ Bd7 12. Nxd7 Nfxd7 13. Nxd5 Nxd5 14. Qxd5 a6
15. Bc4 e6 16. Qxb7 Rb8 17. Qc6 Bb4+ 18. Ke2 Rb6 19. Qa4 Qc8 20. Bd3 O-O 21.
Rd1 Nc5 22. Qc2 Nxd3 23. Qxc8 Rxc8 24. Rxd3 Rc2+ 25. Kd1 Rxf2 26. Be3 Rf1+ 27.
Ke2 Rxa1 28. Bxb6 Re1+ 29. Kf3 Rf1+ 1/2-1/2

[Event "Memorial Kauska"]
[Site "?"]
[Date "2008.??.??"]
[Round "?"]
[White "Volek, Stanislav"]
[Black "Dedina, Miroslav"]
[Result "1/2-1/2"]
[WhiteElo "2317"]
[BlackElo "2366"]
[PlyCount "83"]
[EventDate "2008.??.??"]
[EventType "corr"]
[SourceDate "2004.06.03"]

1. d4 d5 2. Nf3 Nf6 3. c4 dxc4 4. e3 e6 5. Bxc4 c5 6. O-O a6 7. Bb3 b5 8. a4
Bb7 9. axb5 axb5 10. Rxa8 Bxa8 11. Qe2 c4 12. Bc2 Nbd7 13. b3 cxb3 14. Bxb3 Qb6
15. Bb2 Be7 16. Nbd2 O-O 17. Rc1 Bb7 18. e4 Rd8 19. Bc2 Rc8 20. Nb3 h6 21. Bd3
Rxc1+ 22. Bxc1 Qc7 23. e5 Nd5 24. Bxb5 Nc3 25. Qc4 Nxb5 26. Qxb5 Qc8 27. Qd3
Bd5 28. Bd2 Qd8 29. Nc1 Qa8 30. Ne1 Nb6 31. Ne2 Qa1 32. h3 Nc4 33. Bc3 Qa4 34.
Qc2 Qb5 35. Nf4 Bc6 36. Kh2 Bg5 37. Ned3 Be4 38. Qe2 Bf5 39. Qf3 Nb6 40. Nc1
Qc4 41. Nce2 Bc2 42. Bd2 1/2-1/2

[Event "Memorial Kauska"]
[Site "?"]
[Date "2008.??.??"]
[Round "?"]
[White "Volek, Stanislav"]
[Black "Glaser, Karel"]
[Result "0-1"]
[WhiteElo "2317"]
[BlackElo "2303"]
[PlyCount "82"]
[EventDate "2008.??.??"]
[EventType "corr"]
[SourceDate "2004.06.03"]

1. d4 Nf6 2. c4 e6 3. Nc3 d5 4. cxd5 exd5 5. Bg5 c6 6. e3 Nbd7 7. Bd3 Bd6 8.
Qc2 h6 9. Bh4 O-O 10. Nf3 Re8 11. O-O Nf8 12. Bg3 Bxg3 13. hxg3 Qd6 14. Rab1
Bg4 15. b4 Rac8 16. Ne5 N8d7 17. Nxg4 Nxg4 18. Bf5 Ngf6 19. a4 g6 20. Bd3 h5
21. Qe2 Ng4 22. Qf3 Nf8 23. a5 Ne6 24. Na4 b5 25. axb6 axb6 26. Nxb6 Rb8 27.
Na4 Rxb4 28. Ra1 f5 29. Rfc1 Ra8 30. Bc2 Qe7 31. Rd1 Ng5 32. Qf4 Rf8 33. Nc5
Ne4 34. Nd3 Rc4 35. Bb1 h4 36. gxh4 Qxh4 37. Ra7 Rc3 38. Rf1 g5 39. Qc7 Qh6 40.
Rd1 f4 41. exf4 Ng3 0-1

[Event "Memorial Kauska"]
[Site "?"]
[Date "2008.??.??"]
[Round "?"]
[White "Volek, Stanislav"]
[Black "Kostál, Jindrich"]
[Result "1/2-1/2"]
[WhiteElo "2317"]
[BlackElo "2377"]
[PlyCount "61"]
[EventDate "2008.??.??"]
[EventType "corr"]
[SourceDate "2004.06.03"]

1. d4 Nf6 2. c4 g6 3. Nc3 d5 4. cxd5 Nxd5 5. Bd2 Bg7 6. e4 Nb6 7. Be3 O-O 8.
Be2 f5 9. exf5 gxf5 10. f4 Be6 11. Nf3 Qd6 12. O-O Nd5 13. Nxd5 Bxd5 14. Ne5
Nd7 15. Qc2 e6 16. Rac1 c6 17. a3 Nf6 18. Bd2 Qc7 19. b4 a6 20. Qd3 Ne4 21. Be1
Rf6 22. Rf3 Rh6 23. Re3 Kh8 24. a4 Nd6 25. Bf1 Ne4 26. a5 Qe7 27. Rh3 Rg8 28.
Qe3 Rxh3 29. Qxh3 Bf6 30. Rd1 Rg7 31. Rc1 1/2-1/2

[Event "Memorial Kauska"]
[Site "?"]
[Date "2008.??.??"]
[Round "?"]
[White "Volek, Stanislav"]
[Black "Kouba, Petr"]
[Result "1/2-1/2"]
[WhiteElo "2317"]
[BlackElo "2311"]
[PlyCount "33"]
[EventDate "2008.??.??"]
[EventType "corr"]
[SourceDate "2004.06.03"]

1. d4 d5 2. Nf3 Nf6 3. c4 c6 4. Nc3 e6 5. e3 Nbd7 6. Qc2 Bd6 7. g4 Nxg4 8. Rg1
Qf6 9. Rxg4 Qxf3 10. Rxg7 Nf6 11. Rg5 Qh1 12. f4 Bd7 13. c5 Be7 14. Qf2 Ne4 15.
Nxe4 Qxe4 16. Bg2 Qd3 17. Bf1 1/2-1/2

[Event "Memorial Kauska"]
[Site "?"]
[Date "2008.??.??"]
[Round "?"]
[White "Volek, Stanislav"]
[Black "Novák, Vratislav"]
[Result "1/2-1/2"]
[WhiteElo "2317"]
[BlackElo "2305"]
[PlyCount "72"]
[EventDate "2008.??.??"]
[EventType "corr"]
[SourceDate "2004.06.03"]

1. d4 Nf6 2. c4 e6 3. Nc3 d5 4. cxd5 exd5 5. Bg5 c6 6. e3 Be7 7. Bd3 Nbd7 8.
Qc2 Nf8 9. Nf3 Ng6 10. O-O-O Bg4 11. Rdg1 O-O 12. h3 Be6 13. h4 h5 14. Kb1 Ng4
15. Re1 Qd7 16. Bxe7 Nxe7 17. Ng5 Nf5 18. Nd1 Rac8 19. f3 Ngh6 20. Qf2 Qd6 21.
Qg1 c5 22. g4 hxg4 23. fxg4 Ne7 24. Nxe6 fxe6 25. Nc3 Rf3 26. Nb5 Qb8 27. g5
Rg3 28. Qf2 Ng4 29. Qd2 a6 30. Nc3 c4 31. Bc2 b5 32. Nd1 b4 33. Reg1 b3 34.
axb3 cxb3 35. Bd3 Nf5 36. Rxg3 Qxg3 1/2-1/2